书目信息 |
| 题名: |
逻辑哲学论
|
|
| 作者: | 维持根斯坦 , Wittgenstein 著 ;王平复 译 | |
| 分册: | ||
| 出版信息: | 北京 九州出版社 2007 |
|
| 页数: | 195页 | |
| 开本: | 23cm | |
| 丛书名: | 西方学术经典文库 | |
| 单 册: | ||
| 中图分类: | B81-05 | |
| 科图分类: | ||
| 主题词: | 逻辑哲学--研究 , 逻辑哲学 | |
| 电子资源: | ||
| ISBN: | 978-7-80195-594-4 | |
| 000 | 01089oam2 2200301 450 | |
| 001 | 010030001414 | |
| 005 | 20070805175404.15 | |
| 010 | @a978-7-80195-594-4@dCNY26.00@z7-80195-594-3 | |
| 100 | @a20070611d2007 em y0chiy0110 ea | |
| 101 | 2 | @achi@aeng@ceng |
| 102 | @aCN@b110000 | |
| 105 | @ay z 000yy | |
| 200 | 1 | @a逻辑哲学论@9luo ji zhe xue lun@e英汉对照@f(英)路得维希·维持根斯坦(Ludwig Wittgenstein)著@g王平复译 |
| 210 | @a北京@c九州出版社@d2007 | |
| 215 | @a195页@d23cm | |
| 225 | 2 | @a西方学术经典文库 |
| 305 | @a本书根据Routledge & Kegan Paul Ltd.1955年版本译出 | |
| 330 | @a本书内容涵盖哲学、文学、宗教学、政治学、经济学等类,注重权威性、学术性和影响性,收录了不同国家、不同时代、不同流派的诸多名著。 | |
| 461 | 0 | @12001 @a西方学术经典文库 |
| 510 | 1 | @aTractatus logico-philosophicus@zeng |
| 606 | 0 | @a逻辑哲学@x研究 |
| 606 | 0 | @a逻辑哲学 |
| 690 | @aB81-05@v4 | |
| 701 | 1 | @a维持根斯坦@9wei chi gen si tan@bL.@4著 |
| 701 | 1 | @aWittgenstein@bLudwig@4著 |
| 702 | 0 | @a王平复@9wang ping fu@4译 |
| 801 | 0 | @aCN@bRENTIAN@c20070805 |
| 905 | @a10447@dB81-05@e201 | |
| 逻辑哲学论:英汉对照/(英)路得维希·维持根斯坦(Ludwig Wittgenstein)著/王平复译.-北京:九州出版社,2007 |
| 195页;23cm.-(西方学术经典文库) |
| ISBN 978-7-80195-594-4:CNY26.00 |
| 本书内容涵盖哲学、文学、宗教学、政治学、经济学等类,注重权威性、学术性和影响性,收录了不同国家、不同时代、不同流派的诸多名著。 |
| ● |
| 相关链接 |
|
|
|
|
正题名:逻辑哲学论
索取号:B81-05/201
 
预约/预借
| 序号 | 登录号 | 条形码 | 馆藏地/架位号 | 状态 | 备注 |
| 1 | 0806152 | 208061522 | 第一样本阅览室/ [索取号:B81-05/201] | 在馆 | |
| 2 | 0806153 | 208061531 | 教育系资料室/ [索取号:B81-05/201] | 在馆 | |
| 3 | 0806154 | 208061540 | 教育系资料室/ [索取号:B81-05/201] | 在馆 | |
| 4 | 0806155 | 208061559 | 教育系资料室/ [索取号:B81-05/201] | 在馆 | |
| 5 | 0806156 | 208061568 | 第一借阅区/ [索取号:B81-05/201] | 在馆 | |
| 6 | 0806157 | 208061577 | 第一借阅区/ [索取号:B81-05/201] | 在馆 | |
| 7 | 0806159 | 208061595 | 第一借阅区/ [索取号:B81-05/201] | 在馆 | |
| 8 | 0806160 | 208061602 | 第一借阅区/ [索取号:B81-05/201] | 在馆 | |
| 9 | 0806161 | 208061611 | 第一借阅区/ [索取号:B81-05/201] | 在馆 |